Toi et moi _ Jul _ Paroles - Statistiques

Statistiques générales
  • Ce quiz a été pris 153 fois
  • Le résultat moyen est 168 sur 218
Statistiques - réponses
Hint Réponse % Correct
Et
97%
et
97%
ma
97%
Refrain Toi
97%
toi
97%
moi
94%
A
93%
a
93%
à
93%
je
92%
Couplet 2 Je
92%
que
91%
yeux
91%
pour
90%
j'ai
89%
Couplet 3 J'ai
89%
ce
87%
la
87%
87%
Twingo
87%
su
86%
te
86%
vu
86%
ensemble
85%
t'ai
85%
aussi
84%
de
84%
on
84%
tes
84%
Avec
83%
Marseille
83%
être
82%
qu'on
82%
fou
80%
moment
80%
noirs
80%
sourire
80%
ton
80%
tout
80%
était
79%
j'étais
78%
78%
fois
77%
Couplet 1 Quand
77%
une
76%
voit
76%
vue
76%
espiègle
75%
savais
74%
c'était
72%
Sur
71%
Tu
71%
tu
71%
deuxième
70%
les
70%
visage
70%
dans
68%
Mon
67%
arrêté
66%
coeur
66%
puis
66%
regardé
66%
battre
63%
embrassé
63%
il
63%
as
62%
m'as
62%
main
61%
nouveau
61%
pris
61%
recommencé
61%
du
60%
s'est
60%
chérie
57%
ne
56%
pas
56%
Mais
55%
dire
54%
paraître
53%
quoi
53%
senti
52%
étrange
51%
parler
51%
ri
51%
essayé
48%
faits
47%
n'as
47%
Aucun quiz correspondant
Distribution des résultats
% des personnes avec chaque résultat
Percentile par nombre de réponses
Votre historique - résultats
Vous n’avez pas pris ce quiz